[Event "DMSl_2006_ LSS_R1"]
[Site "SZSzach"]
[Date "2006.02.25"]
[Round "1.38"]
[White "Kempa, Stefan"]
[Black "Diczew, Filip"]
[Result "0-1"]
[WhiteElo "2164"]
[BlackElo "2154"]
[PlyCount "83"]
[EventDate "2006.??.??"]

1. Nf3 c5 2. c4 Nc6 3. d4 cxd4 4. Nxd4 Nxd4 5. Qxd4 Nf6 6. Nc3 g6 7. g3 Bg7 8.
Bg2 O-O 9. O-O d6 10. e4 Be6 11. Qd3 Nd7 12. b3 Ne5 13. Qd2 Rc8 14. Bb2 Bxc4
15. Ne2 Bb5 16. Rfd1 Bc6 17. Rac1 Rc7 18. f4 Nd7 19. Bxg7 Kxg7 20. Qd4+ Kg8 21.
Qxa7 b6 22. Qa3 Qb8 23. Nd4 Rfc8 24. Nxc6 Rxc6 25. Rxc6 Rxc6 26. e5 Rc5 27. b4
Rc4 28. Bd5 Rc8 29. Qb3 Rf8 30. e6 Nf6 31. exf7+ Kg7 32. Be6 b5 33. Qc3 h5 34.
h3 Qa7+ 35. Kg2 Rxf7 36. Bxf7 Kxf7 37. Qb3+ d5 38. Re1 Qd4 39. Re2 Ne4 40. a3
Nc3 41. Rc2 Ne2 42. Rxe2 0-1

[Event "DMSl_2006_ LSS_R1"]
[Site "SZSzach"]
[Date "2006.02.25"]
[Round "1.39"]
[White "Swiercz, Dariusz"]
[Black "Obrochta, Bogdan"]
[Result "1/2-1/2"]
[WhiteElo "2137"]
[BlackElo "2061"]
[PlyCount "111"]
[EventDate "2006.??.??"]

1. e4 c6 2. c4 g6 3. Nc3 Bg7 4. d4 d6 5. Be3 Nf6 6. f3 a6 7. Qd2 b5 8. b3 O-O
9. Bd3 Nbd7 10. Nge2 e5 11. d5 b4 12. Na4 c5 13. g4 h5 14. h3 Nh7 15. O-O-O h4
16. g5 Nb6 17. Nxb6 Qxb6 18. Qe1 a5 19. Bc2 a4 20. Qxh4 axb3 21. Bxb3 Bd7 22.
Kd2 Ba4 23. Nc1 Qd8 24. Qg3 f5 25. gxf6 Qxf6 26. Rdf1 Kf7 27. f4 Ke7 28. f5 g5
29. Rfg1 Bxb3 30. axb3 Bh6 31. Qf3 Qf7 32. Kd3 Rg8 33. h4 g4 34. Rxg4 Rxg4 35.
Qxg4 Rg8 36. Qf3 Bxe3 37. Kxe3 Nf6 38. Kd3 Rg4 39. Re1 Qh5 40. Ne2 Qxh4 41. Rh1
Qg5 42. Qh3 Nxe4 43. Qh7+ Kf8 44. Qh8+ Qg8 45. Qh6+ Qg7 46. Ke3 Nf6 47. Qxg7+
Kxg7 48. Ra1 Ne4 49. Rh1 Kf6 50. Rf1 Ng3 51. Nxg3 Rxg3+ 52. Ke4 Rg4+ 53. Ke3
Rg3+ 54. Ke4 Rg4+ 55. Ke3 Rg5 56. Ke4 1/2-1/2

[Event "DMSl_2006_ LSS_R1"]
[Site "SZSzach"]
[Date "2006.02.25"]
[Round "1.43"]
[White "Mulet, Piotr"]
[Black "Duda, Lukasz"]
[Result "1-0"]
[WhiteElo "2218"]
[BlackElo "2171"]
[PlyCount "91"]
[EventDate "2006.??.??"]

1. e4 e6 2. d4 d5 3. Nc3 Bb4 4. e5 Ne7 5. a3 Bxc3+ 6. bxc3 c5 7. Qg4 Kf8 8. h4
Qa5 9. Bd2 Qa4 10. Rh3 Nbc6 11. h5 h6 12. Qf4 b6 13. Rf3 Nd8 14. Bd3 Ba6 15.
dxc5 Qxf4 16. Rxf4 Bxd3 17. cxd3 bxc5 18. Rb1 Nec6 19. Nf3 Rb8 20. Rxb8 Nxb8
21. Ra4 a6 22. Be3 Nb7 23. d4 Ke7 24. dxc5 a5 25. Rg4 Rh7 26. c4 Nc6 27. cxd5
exd5 28. Ke2 Nbd8 29. Ra4 Rh8 30. Nd4 Nxd4+ 31. Rxd4 Ke6 32. Rg4 Kxe5 33. Bd4+
Kf5 34. Rxg7 Re8+ 35. Kf3 Nc6 36. Rxf7+ Kg5 37. Rg7+ Kxh5 38. g4+ Kh4 39. Bf6+
Kh3 40. Rh7 Kh2 41. Rxh6+ Kg1 42. Bg7 Nd8 43. Rh8 Rxh8 44. Bxh8 Ne6 45. c6 d4
46. Be5 1-0

[Event "DMSl_2006_ LSS_R1"]
[Site "SZSzach"]
[Date "2006.02.25"]
[Round "1.44"]
[White "Turlej, Lukasz"]
[Black "Fraczek, Leslaw"]
[Result "0-1"]
[WhiteElo "2122"]
[BlackElo "1976"]
[PlyCount "66"]
[EventDate "2006.??.??"]

1. d4 d5 2. c4 c6 3. Nf3 Nf6 4. Nc3 e6 5. Bg5 dxc4 6. e4 b5 7. e5 h6 8. Bh4 g5
9. Nxg5 hxg5 10. Bxg5 Nbd7 11. exf6 Bb7 12. Be2 Qb6 13. Bf3 O-O-O 14. Qd2 Ne5
15. Be3 Nxf3+ 16. gxf3 c5 17. dxc5 Bxc5 18. Bxc5 Qxc5 19. Qe3 Qxe3+ 20. fxe3
Bxf3 21. Rf1 Bc6 22. Rf2 Rd3 23. Ke2 b4 24. Nd1 Rhd8 25. Rc1 Kb7 26. Rf4 Rd2+
27. Ke1 Bb5 28. b3 cxb3 29. Rxb4 Rxd1+ 30. Rxd1 Rxd1+ 31. Kxd1 bxa2 32. Rxb5+
Ka6 33. Rb2 a1=Q+ 0-1

[Event "DMSl_2006_ LSS_R1"]
[Site "SZSzach"]
[Date "2006.02.25"]
[Round "1.45"]
[White "Tomanek, Jerzy"]
[Black "Gmaj, Krzysztof"]
[Result "0-1"]
[WhiteElo "1974"]
[BlackElo "2096"]
[PlyCount "76"]
[EventDate "2006.??.??"]

1. e4 e6 2. d4 d5 3. exd5 exd5 4. Nf3 Bd6 5. Bd3 Ne7 6. O-O O-O 7. Bg5 f6 8.
Bh4 Bf5 9. Re1 Nbc6 10. c3 Qd7 11. Qc2 Rae8 12. Nbd2 Bxd3 13. Qxd3 Ng6 14. Bg3
Nd8 15. Nh4 Nxh4 16. Bxh4 Ne6 17. Qf5 g6 18. Qf3 c6 19. Nf1 Ng5 20. Qd3 Qg4 21.
Bg3 Bxg3 22. Nxg3 f5 23. f3 Qh4 24. Qd2 f4 25. Nh1 Nf7 26. Nf2 Nd6 27. b3 Nf5
28. Ng4 h5 29. Ne5 Kg7 30. Nd7 Rh8 31. Nc5 Re3 32. Re2 Rhe8 33. Rae1 R8e7 34.
Nd3 Qg5 35. Nf2 Nh4 36. Nh3 Nxf3+ 37. Kh1 Nxe1 38. Rxe3 Rxe3 0-1

[Event "DMSl_2006_ LSS_R1"]
[Site "SZSzach"]
[Date "2006.02.25"]
[Round "1.46"]
[White "Kornasiewicz, Jacek"]
[Black "Kapusta, Tadeusz"]
[Result "1-0"]
[WhiteElo "2195"]
[BlackElo "2076"]
[PlyCount "77"]
[EventDate "2006.??.??"]

1. e4 c5 2. Nc3 Nc6 3. g3 g6 4. Bg2 Bg7 5. d3 e6 6. Be3 d6 7. Qd2 Nd4 8. Nd1
Ne7 9. c3 Ndc6 10. Bh6 O-O 11. Bxg7 Kxg7 12. Ne3 d5 13. h4 dxe4 14. Bxe4 f5 15.
Bg2 h6 16. f4 Ng8 17. Nf3 Nf6 18. Nc4 Rb8 19. O-O Qc7 20. Rfe1 b5 21. Nce5 Nxe5
22. Nxe5 Bb7 23. Re2 Bxg2 24. Kxg2 Qb7+ 25. Nf3 Qd5 26. Re5 Qd6 27. a3 Ng4 28.
Re2 Rbd8 29. Rd1 Qd5 30. b4 cxb4 31. axb4 Rf7 32. Qe1 Rfd7 33. Qg1 Rc7 34. Qd4+
Kf7 35. Ra1 Rdd7 36. Ra6 Qb7 37. Rd6 Rxd6 38. Qxd6 Rd7 39. Qxe6+ 1-0

[Event "DMSl_2006_ LSS_R1"]
[Site "SZSzach"]
[Date "2006.02.25"]
[Round "1.47"]
[White "Wiecek, Pawel"]
[Black "Morkisz, Bogdan"]
[Result "1/2-1/2"]
[WhiteElo "1987"]
[BlackElo "2145"]
[PlyCount "92"]
[EventDate "2006.??.??"]

1. e4 e6 2. d4 d5 3. exd5 exd5 4. Nf3 Bd6 5. Bd3 Bg4 6. O-O Ne7 7. c3 Nbc6 8.
Bg5 f6 9. Bh4 Qd7 10. Nbd2 g5 11. Bg3 h5 12. Bxd6 Qxd6 13. b4 h4 14. b5 Nd8 15.
c4 Ne6 16. cxd5 Nxd4 17. Qa4 Nxf3+ 18. Nxf3 Bxf3 19. gxf3 Kf7 20. Rfe1 Nxd5 21.
Qe4 Nf4 22. Bc4+ Kg7 23. Rad1 Qc5 24. Qe7+ Qxe7 25. Rxe7+ Kh6 26. Rxc7 Rac8 27.
Rxc8 Rxc8 28. Bd5 Rd8 29. Bb3 Ne2+ 30. Kf1 Rxd1+ 31. Bxd1 Nc3 32. b6 axb6 33.
Bb3 Kg6 34. Ke1 Kf5 35. Kd2 Nb5 36. Kd3 Ke5 37. Ke3 Nd6 38. Bc2 b5 39. Bb3 Nf5+
40. Kd3 Nd4 41. Bd1 Kd5 42. Kc3 Kc5 43. a3 b6 44. Kd3 f5 45. Kc3 Kd5 46. Kd3
Nc6 1/2-1/2

[Event "DMSl_2006_ LSS_R1"]
[Site "SZSzach"]
[Date "2006.02.25"]
[Round "1.49"]
[White "Dors, Ryszard"]
[Black "Lizak, Sebastian"]
[Result "1-0"]
[WhiteElo "2211"]
[BlackElo "2077"]
[PlyCount "43"]
[EventDate "2006.??.??"]

1. Nf3 d5 2. c4 Nf6 3. g3 e6 4. Bg2 b6 5. b3 Bb7 6. Bb2 Nbd7 7. O-O Bd6 8. d3
c5 9. cxd5 exd5 10. e4 Bc7 11. e5 Ng4 12. h3 Nh6 13. e6 Nf6 14. Re1 fxe6 15.
Ng5 Bc8 16. Nxe6 Bxe6 17. Rxe6+ Kf7 18. Rxf6+ gxf6 19. Qh5+ Kg7 20. Qg5+ Kf7
21. Bxd5+ Ke8 22. Bxf6 1-0

[Event "DMSl_2006_ LSS_R1"]
[Site "SZSzach"]
[Date "2006.02.25"]
[Round "1.50"]
[White "Gondzik, Dawid"]
[Black "Sek, Joachim"]
[Result "0-1"]
[WhiteElo "2042"]
[BlackElo "2167"]
[PlyCount "56"]
[EventDate "2006.??.??"]

1. d4 e6 2. c4 f5 3. Nc3 Nf6 4. Nf3 d5 5. e3 c6 6. Bd3 Bd6 7. Bd2 O-O 8. Qc2
Ne4 9. cxd5 exd5 10. Qb3 Qb6 11. Qxb6 axb6 12. O-O Nd7 13. Rfc1 b5 14. Be1 Ndf6
15. Nd2 Nxc3 16. Rxc3 Bd7 17. Rcc1 Ra7 18. Nb3 b6 19. a3 Ra4 20. Bxf5 Bxf5 21.
Rxc6 Be7 22. Rxb6 Bd7 23. Rc1 Rc4 24. Bc3 Ra8 25. Rb7 Bd6 26. Nd2 Rcc8 27. Nb3
Bc6 28. Rb6 Nd7 0-1

[Event "DMSl_2006_ LSS_R1"]
[Site "SZSzach"]
[Date "2006.02.25"]
[Round "1.51"]
[White "Skrzyczek, Tomasz"]
[Black "Dzierzak, Boguslaw"]
[Result "1-0"]
[WhiteElo "2035"]
[BlackElo "2198"]
[PlyCount "77"]
[EventDate "2006.??.??"]

1. e4 c5 2. Nf3 e6 3. d4 cxd4 4. Nxd4 Nc6 5. Nc3 Nf6 6. Ndb5 d6 7. Bf4 e5 8.
Bg5 a6 9. Na3 b5 10. Nd5 Be7 11. Bxf6 Bxf6 12. c3 O-O 13. Nc2 Bg5 14. a4 bxa4
15. Rxa4 a5 16. Bc4 Rb8 17. b3 Kh8 18. O-O f5 19. exf5 Bxf5 20. Nce3 Bg6 21.
Bd3 Be8 22. Be4 Ne7 23. Ra3 g6 24. Qd3 Bc6 25. Nxe7 Bxe4 26. Qxe4 Qxe7 27. Nc4
Rb5 28. Nxa5 d5 29. Qd3 Qxa3 30. Qxb5 Bd2 31. Qxd5 Bxc3 32. Nc6 Qb2 33. Qd6 Kg7
34. Nd8 Rf5 35. Qe7+ Kh6 36. g4 Rxf2 37. Rxf2 Bd4 38. Qh4+ Kg7 39. Qf6+ 1-0

[Event "DMSl_2006_ LSS_R1"]
[Site "SZSzach"]
[Date "2006.02.25"]
[Round "1.55"]
[White "Kliber, Aleksander"]
[Black "Wojciechowski, Adam"]
[Result "1/2-1/2"]
[WhiteElo "2082"]
[BlackElo "2213"]
[PlyCount "31"]
[EventDate "2006.??.??"]

1. Nf3 c5 2. e4 Nc6 3. d4 cxd4 4. Nxd4 Nf6 5. Nc3 e6 6. Ndb5 Bb4 7. a3 Bxc3+ 8.
Nxc3 d5 9. Bd3 O-O 10. exd5 exd5 11. O-O d4 12. Ne4 Bf5 13. Bg5 Bxe4 14. Bxe4
h6 15. Bxf6 Qxf6 16. Qf3 1/2-1/2

[Event "DMSl_2006_ LSS_R1"]
[Site "SZSzach"]
[Date "2006.02.25"]
[Round "1.56"]
[White "Moskalik, Andrzej"]
[Black "Banasik, Henryk"]
[Result "1-0"]
[WhiteElo "2144"]
[BlackElo "2143"]
[PlyCount "89"]
[EventDate "2006.??.??"]

1. e4 c5 2. Nc3 Nc6 3. g3 g6 4. Bg2 Bg7 5. d3 Rb8 6. Be3 d6 7. Qd2 b5 8. Nd1 e5
9. c3 b4 10. Ne2 bxc3 11. bxc3 h5 12. h3 Qa5 13. O-O h4 14. g4 Nge7 15. f4 exf4
16. Bxf4 Ne5 17. Bg5 Ba6 18. Nc1 Ng8 19. Kh1 f6 20. Bf4 g5 21. Bxe5 dxe5 22.
Ne3 Ne7 23. Nb3 Qc7 24. c4 Rc8 25. Rab1 O-O 26. Nd5 Nxd5 27. exd5 Qd6 28. Be4
Rc7 29. Na5 Bc8 30. Nc6 Bd7 31. Qa5 Bxc6 32. dxc6 Rxc6 33. Bxc6 Qxc6+ 34. Kg1
e4 35. dxe4 f5 36. Rbd1 Re8 37. Rxf5 Qxe4 38. Qxc5 Qc2 39. Qd5+ Kh8 40. Rxg5
Bf6 41. Rf5 Qc3 42. Rf3 Re1+ 43. Rxe1 Qxe1+ 44. Kg2 Qc1 45. c5 1-0

[Event "DMSl_2006_ LSS_R1"]
[Site "SZSzach"]
[Date "2006.02.25"]
[Round "1.57"]
[White "Banasik, Marian"]
[Black "Lubosik, Zbigniew"]
[Result "1/2-1/2"]
[WhiteElo "2229"]
[BlackElo "2131"]
[PlyCount "38"]
[EventDate "2006.??.??"]

1. b4 e5 2. Bb2 Bxb4 3. Bxe5 Nf6 4. Nf3 d5 5. e3 O-O 6. Be2 Bg4 7. O-O Nbd7 8.
Bb2 Qe7 9. c4 Rad8 10. a3 Bd6 11. cxd5 Nxd5 12. Nc3 Nxc3 13. Bxc3 Ne5 14. Nxe5
Bxe2 15. Qxe2 Bxe5 16. Bxe5 Qxe5 17. d4 Qe7 18. Qb5 c6 19. Qa4 a6 1/2-1/2

[Event "DMSl_2006_ LSS_R1"]
[Site "SZSzach"]
[Date "2006.02.25"]
[Round "1.58"]
[White "Gola, Karol"]
[Black "Bien, Zygmunt"]
[Result "1/2-1/2"]
[WhiteElo "2058"]
[BlackElo "2029"]
[PlyCount "75"]
[EventDate "2006.??.??"]

1. e4 c5 2. Nf3 Nc6 3. Bb5 g6 4. Bxc6 bxc6 5. d3 Bg7 6. O-O e5 7. Nbd2 d6 8.
Nc4 Ne7 9. Be3 O-O 10. Qd2 f5 11. Bg5 Be6 12. Qa5 Qd7 13. Qa6 Rac8 14. Rfe1 h6
15. exf5 Rxf5 16. Bxe7 Qxe7 17. d4 cxd4 18. Nxd4 Rff8 19. Nxe6 Qxe6 20. Rad1 d5
21. Ne3 Rc7 22. Re2 Re7 23. c3 e4 24. Nc2 Rc7 25. Nd4 Qd7 26. Re3 Rb8 27. Nb3
Rb6 28. Qe2 Qf7 29. Qg4 h5 30. Qg3 Bh6 31. Re2 Bf4 32. Qh3 Rb8 33. Nc5 Re8 34.
c4 Qe7 35. b4 Bd6 36. cxd5 Bxc5 37. bxc5 cxd5 38. Rxd5 1/2-1/2

[Event "DMSl_2006_ LSS_R1"]
[Site "SZSzach"]
[Date "2006.02.25"]
[Round "1.61"]
[White "Kubit, Tomasz"]
[Black "Wolak, Marek"]
[Result "1-0"]
[WhiteElo "2180"]
[BlackElo "2111"]
[PlyCount "77"]
[EventDate "2006.??.??"]

1. e4 c6 2. d4 d5 3. exd5 cxd5 4. c4 e6 5. Nc3 Nf6 6. Nf3 Be7 7. cxd5 Nxd5 8.
Bd3 Nc6 9. O-O Bf6 10. Be4 Nce7 11. Re1 b6 12. Ne5 Bb7 13. Qa4+ Kf8 14. Nd7+
Kg8 15. Nxf6+ gxf6 16. Qa3 Kg7 17. Bxd5 Nxd5 18. Nxd5 Qxd5 19. Qg3+ Kf8 20. b3
Rd8 21. Ba3+ Ke8 22. Qg7 Kd7 23. Rac1 Qxg2+ 24. Qxg2 Bxg2 25. Kxg2 Rhg8+ 26.
Kf3 Rg5 27. h4 Ra5 28. Bb4 Rxa2 29. d5 e5 30. Ra1 Rxa1 31. Rxa1 a5 32. Bd2 Kd6
33. Be3 Rb8 34. Ke4 Rb7 35. Rc1 f5+ 36. Kxf5 Kxd5 37. Rd1+ Kc6 38. Kxe5 Kb5 39.
Rd6 1-0

[Event "DMSl_2006_ LSS_R1"]
[Site "SZSzach"]
[Date "2006.02.25"]
[Round "1.62"]
[White "Kolodziej, Szymon"]
[Black "Moroz, Henryk"]
[Result "1/2-1/2"]
[WhiteElo "2014"]
[BlackElo "2072"]
[PlyCount "111"]
[EventDate "2006.??.??"]

1. e4 c6 2. d4 d5 3. Nd2 dxe4 4. Nxe4 Nd7 5. Nf3 Ngf6 6. Neg5 h6 7. Nh3 e6 8.
Bc4 c5 9. O-O cxd4 10. Re1 Bb4 11. Bd2 Bxd2 12. Qxd2 O-O 13. Rad1 Qc7 14. Qxd4
e5 15. Qc3 Kh8 16. Bb3 Qxc3 17. bxc3 e4 18. Nd4 Nc5 19. Nf4 Nxb3 20. cxb3 a5
21. c4 Bg4 22. Rd2 Rae8 23. Re3 Bc8 24. h3 g5 25. Nd5 Nxd5 26. cxd5 f5 27. Re1
f4 28. Rde2 Re5 29. Rxe4 Rxd5 30. Re8 Kg7 31. R1e7+ Rf7 32. Rxf7+ Kxf7 33. Rxc8
Rxd4 34. Rc7+ Kg6 35. Rxb7 Rd1+ 36. Kh2 Rd2 37. a4 Rxf2 38. Rb5 Rb2 39. Kg1 Kh5
40. Rxa5 Kh4 41. Rc5 Rxb3 42. Kh2 Ra3 43. a5 h5 44. Rf5 Ra2 45. Kg1 g4 46. Rxf4
Kg3 47. Rf1 Rxg2+ 48. Kh1 Ra2 49. hxg4 hxg4 50. Kg1 Rxa5 51. Rb1 Ra3 52. Rc1
Kh3 53. Rb1 Ra2 54. Rb3+ g3 55. Rb1 Rg2+ 56. Kh1 1/2-1/2

[Event "DMSl_2006_ LSS_R1"]
[Site "SZSzach"]
[Date "2006.02.25"]
[Round "1.63"]
[White "Kliemt, Grzegorz"]
[Black "Hasinski, Krystian"]
[Result "1-0"]
[WhiteElo "2076"]
[BlackElo "2052"]
[PlyCount "101"]
[EventDate "2006.??.??"]

1. c4 e5 2. Nc3 b6 3. Nf3 d6 4. d4 exd4 5. Nxd4 Nf6 6. e4 Be7 7. g3 O-O 8. Bg2
c6 9. O-O Bd7 10. h3 a5 11. Bf4 Qc8 12. Kh2 Ra7 13. Re1 Na6 14. Na4 Rb7 15. e5
dxe5 16. Bxe5 Re8 17. Qf3 Nb8 18. Bxb8 Rxb8 19. Nxc6 Bxc6 20. Qxc6 Qxc6 21.
Bxc6 Rec8 22. Rxe7 Rxc6 23. b3 Rd6 24. Rae1 g6 25. Nc3 Rd2 26. R1e2 Rbd8 27.
Nd5 Rxe2 28. Nxf6+ Kg7 29. Nh5+ Kh6 30. Rxe2 Kxh5 31. Re7 Rd2 32. Rxf7 Rxa2 33.
Rxh7+ Kg5 34. Rf7 Ra3 35. Rb7 Rxb3 36. c5 b5 37. c6 a4 38. c7 Rc3 39. Rxb5+ Kf6
40. Ra5 a3 41. Rxa3 Rxc7 42. Ra6+ Kg5 43. Ra5+ Kf6 44. h4 Rc4 45. Kh3 Rc2 46.
f4 Rc1 47. Kg4 Rc3 48. h5 gxh5+ 49. Rxh5 Re3 50. Rh6+ Kg7 51. Rb6 1-0

[Event "DMSl_2006_ LSS_R1"]
[Site "SZSzach"]
[Date "2006.02.25"]
[Round "1.65"]
[White "Jacel, Lukasz"]
[Black "Bochenek, Andrzej"]
[Result "1-0"]
[WhiteElo "1936"]
[BlackElo "1759"]
[PlyCount "75"]
[EventDate "2006.??.??"]

1. e4 e6 2. Nc3 d5 3. d4 dxe4 4. Nxe4 Nd7 5. Nf3 Ngf6 6. Ng3 Be7 7. Bd3 b6 8.
O-O Bb7 9. Ne5 Nxe5 10. dxe5 Qd5 11. f3 Qxe5 12. Re1 Qd6 13. Qe2 O-O 14. Be3 c5
15. Rad1 Qc7 16. Bg5 Nd5 17. Qe4 g6 18. Qh4 Bxg5 19. Qxg5 Qf4 20. Qxf4 Nxf4 21.
Be4 Bxe4 22. fxe4 Rad8 23. e5 Rd5 24. Ne4 Kg7 25. Nf6 Rxd1 26. Rxd1 Ne2+ 27.
Kf2 Nd4 28. c3 Nc6 29. Nd7 Rd8 30. Ke1 h5 31. g3 Ne7 32. Ke2 Nd5 33. Nf6 c4 34.
Rd4 b5 35. Kf3 a5 36. Ke4 Nxf6+ 37. exf6+ Kxf6 38. Rxd8 1-0